000 00811nam a2200241Ia 4500
003 OSt
005 20220923223739.0
006 a|||||r|||| 00| 0
007 ta
008 220922b |||||||| |||| 00| 0 hin d
024 _a221,165
037 _cTextual
040 _aARTS
_cARTS
_bhin
041 _2hin
_ahin
082 _aO152,3M80:g, N94;P2
100 _aशर्मा, रामविलास
245 0 _aप्रेमचंद
_b आलोचनात्मक परिचय
246 _aPremachanda: ālochanātmak parichaya
260 _aदिल्ली
_b राधाकृष्ण प्रकाशन
_c2002
300 _a143पृ.
_ccm.
942 _hO152,3M80:g, N94;P2
_cTEXL
_2CC
999 _c367261
_d367261